| 000 | 00397cam a2200157ua 4500 | ||
|---|---|---|---|
| 041 |
_aeng _h |
||
| 082 |
_a537.722 _bBOR/HA |
||
| 100 | _aBorisov, Y . | ||
| 245 |
_aHarnessing the sun / _cY Borisov. _hTextual Documents |
||
| 260 |
_aMoscow : _bForeign Language Publishing House , _c1962. |
||
| 300 | _a230 ; . | ||
| 504 | _a | ||
| 700 | 1 | _aPyatnova, I . | |
| 942 | _cBK | ||
| 999 |
_c10466 _d10466 |
||